[Event "North American-ch U20"]
[Site "Kitchener CAN"]
[Date "2014.08.01"]
[Round "4.10"]
[White "Fu, James"]
[Black "Nasir, Pi"]
[Result "1/2-1/2"]
[WhiteElo "2098"]
[BlackElo "1854"]
[PlyCount "123"]
[EventDate "2014.07.31"]
[EventType "swiss"]
[EventRounds "9"]
[EventCountry "CAN"]

1. d4 e6 2. Nf3 b6 3. b3 g6 4. Bb2 Bg7 5. Nbd2 Ne7 6. e3 d6 7. Bd3 Bb7 8. Qe2
a5 9. O-O O-O 10. a3 Nd7 11. c4 e5 12. Rfd1 exd4 13. exd4 Re8 14. Re1 Nf5 15.
Qf1 Rxe1 16. Rxe1 Nh4 17. Be4 Nxf3+ 18. Bxf3 Bxf3 19. Nxf3 Qf8 20. Bc1 Re8 21.
Bg5 h6 22. Bh4 g5 23. Bg3 Re7 24. Qd3 Rxe1+ 25. Nxe1 Qe7 26. Kf1 Qf6 27. Nc2
Nf8 28. d5 Nd7 29. b4 a4 30. Ne3 Qa1+ 31. Ke2 Qb2+ 32. Nc2 Qb3 33. f4 gxf4 34.
Bxf4 Qb2 35. Qf5 Ne5 36. Bxe5 Bxe5 37. h3 Bg7 38. Qe4 Kf8 39. Kd1 Bf6 40. c5
Qb1+ 41. Ke2 bxc5 42. bxc5 Qb5+ 43. Qd3 Qxc5 44. Ne3 Qb6 45. Qf5 Qb2+ 46. Kf3
Bg5 47. Qc8+ Kg7 48. Nf5+ Kh7 49. Qxc7 Qb3+ 50. Kf2 Qxd5 51. Qc2 Qc5+ 52. Qxc5
dxc5 53. Nd6 Bc1 54. Nc4 Kg6 55. g4 f6 56. Kg3 Kg5 57. h4+ Kg6 58. Kf3 Kf7 59.
Ke4 Ke6 60. h5 Bg5 61. Nb6 Bc1 62. Nc4 1/2-1/2

[Event "North American-ch U20"]
[Site "Kitchener CAN"]
[Date "2014.08.01"]
[Round "4.12"]
[White "Ming, Wenyang"]
[Black "Pamatmat, Jarod"]
[Result "1-0"]
[WhiteElo "1782"]
[BlackElo "2120"]
[PlyCount "61"]
[EventDate "2014.07.31"]
[EventType "swiss"]
[EventRounds "9"]
[EventCountry "CAN"]

1. Nf3 Nf6 2. b3 e6 3. Bb2 b6 4. e3 Bb7 5. d4 c5 6. Bd3 Be7 7. O-O O-O 8. Nbd2
d6 9. c4 Nbd7 10. Qe2 Rc8 11. Rad1 Rc7 12. e4 cxd4 13. Nxd4 Nc5 14. Bb1 Qa8 15.
Rfe1 a6 16. b4 Ncd7 17. f4 Rfc8 18. e5 dxe5 19. fxe5 Ne8 20. a3 Bf8 21. Qg4 g6
22. Nxe6 fxe6 23. Qxe6+ Kh8 24. Qf7 Bg7 25. e6 Ndf6 26. e7 Bxg2 27. Ne4 Bxe4
28. Bxe4 Qa7 29. Qf8+ Ng8 30. Bd5 Nef6 31. Bxf6 1-0

[Event "North American-ch U20"]
[Site "Kitchener CAN"]
[Date "2014.08.01"]
[Round "4.14"]
[White "Shi, Diwen"]
[Black "Nasir, Zehn"]
[Result "1/2-1/2"]
[WhiteElo "1934"]
[BlackElo "1918"]
[PlyCount "80"]
[EventDate "2014.07.31"]
[EventType "swiss"]
[EventRounds "9"]
[EventCountry "CAN"]

1. e4 c6 2. d4 d5 3. e5 Bf5 4. Nf3 e6 5. Be2 c5 6. Be3 Qb6 7. Nc3 a6 8. Rb1 Nc6
9. O-O Qa5 10. a3 c4 11. Ne1 Bg6 12. Qd2 Nge7 13. f4 Nf5 14. Bf2 Nfxd4 15. Bd1
Nb5 16. Nf3 Nxc3 17. bxc3 b5 18. Ra1 Be7 19. Nd4 Nxd4 20. Bxd4 h5 21. Qe3 Qc7
22. a4 bxa4 23. Rxa4 a5 24. Qc1 Bc5 25. Bf3 Bxd4+ 26. cxd4 Qc6 27. Ra2 c3 28.
Qa3 Kd7 29. Rb1 a4 30. Rb4 Rhb8 31. Be2 Rb6 32. Kf2 h4 33. Rxb6 Qxb6 34. Ke3
Qb1 35. Qd6+ Ke8 36. Qc6+ Ke7 37. Qd6+ Ke8 38. Qc6+ Ke7 39. Qc5+ Kd8 40. Qf8+
Kc7 1/2-1/2

[Event "North American-ch U20"]
[Site "Kitchener CAN"]
[Date "2014.08.01"]
[Round "4.15"]
[White "Nguyen, Trung"]
[Black "Zotkin, Daniel"]
[Result "1-0"]
[WhiteElo "1937"]
[BlackElo "1778"]
[PlyCount "115"]
[EventDate "2014.07.31"]
[EventType "swiss"]
[EventRounds "9"]
[EventCountry "CAN"]

1. d4 f5 2. Bg5 h6 3. Bh4 g5 4. Bg3 Nf6 5. e3 Bg7 6. Bc4 d5 7. Bd3 c5 8. dxc5
Qa5+ 9. c3 Qxc5 10. Nf3 O-O 11. O-O Nc6 12. Nd4 Ng4 13. Be2 Nge5 14. f3 e6 15.
Bf2 Qe7 16. Nd2 Ng6 17. Nxc6 bxc6 18. Nb3 Rd8 19. Qc2 c5 20. e4 c4 21. Nd4 Qf7
22. Rfe1 f4 23. Rad1 Ne7 24. Bf1 Bd7 25. Qe2 Re8 26. Qd2 Rab8 27. Qc1 Rb7 28.
exd5 exd5 29. Re2 Reb8 30. Rde1 Nf5 31. Nxf5 Bxf5 32. Rd2 a5 33. Red1 Rd7 34.
Bc5 a4 35. a3 Bf8 36. Bxf8 Kxf8 37. Rd4 Rb5 38. Qd2 Rc5 39. Qf2 Rb5 40. R1d2
Qf6 41. Bxc4 dxc4 42. Rxd7 Bxd7 43. Rxd7 Qe6 44. Rd8+ Ke7 45. Rd1 Re5 46. Kf1
Kf6 47. Qc2 Qe8 48. Qh7 Qf8 49. Qd7 Re6 50. Qd4+ Kg6 51. Qxc4 Qe8 52. Qd3+ Kg7
53. Qd7+ Qxd7 54. Rxd7+ Kf6 55. Rd4 Rb6 56. Rb4 Re6 57. Rxa4 Ke7 58. Re4 1-0

[Event "North American-ch U20"]
[Site "Kitchener CAN"]
[Date "2014.08.01"]
[Round "4.16"]
[White "Song, Terry"]
[Black "Nguyen, Tan"]
[Result "1-0"]
[WhiteElo "1931"]
[BlackElo "1872"]
[PlyCount "53"]
[EventDate "2014.07.31"]
[EventType "swiss"]
[EventRounds "9"]
[EventCountry "CAN"]

1. e4 g6 2. Nc3 Bg7 3. f4 d6 4. Nf3 a6 5. Bc4 b5 6. Bb3 e6 7. O-O Bb7 8. d3 Ne7
9. Qe1 Nd7 10. f5 Nc5 11. fxe6 Nxe6 12. Ng5 Nxg5 13. Bxg5 O-O 14. Qh4 Nf5 15.
exf5 Qe8 16. Rae1 Qc6 17. Bd5 Qb6+ 18. Be3 c5 19. Bxb7 Qxb7 20. Ne4 h5 21. Nf6+
Bxf6 22. Qxf6 Kh7 23. Bd2 b4 24. fxg6+ Kg8 25. Re7 Qd5 26. gxf7+ Kh7 27. Qh6#
1-0

[Event "North American-ch U20"]
[Site "Kitchener CAN"]
[Date "2014.08.01"]
[Round "4.17"]
[White "Cai, Jason"]
[Black "Li, Yinshi"]
[Result "0-1"]
[WhiteElo "1850"]
[BlackElo "1928"]
[PlyCount "60"]
[EventDate "2014.07.31"]
[EventType "swiss"]
[EventRounds "9"]
[EventCountry "CAN"]

1. e4 e6 2. d4 d5 3. Nd2 Nf6 4. e5 Nfd7 5. Bd3 c5 6. c3 Nc6 7. Ngf3 Be7 8. O-O
g5 9. dxc5 g4 10. Nd4 Ndxe5 11. Bb5 Bd7 12. N2b3 h5 13. Re1 Ng6 14. f4 gxf3 15.
Nxf3 Qc7 16. Be3 O-O-O 17. Bxc6 bxc6 18. Qd3 Rdg8 19. Bf2 h4 20. Rad1 Nf4 21.
Qa6+ Kb8 22. Kh1 Rxg2 23. Bd4 f6 24. Ne5 Qc8 25. Nxd7+ Qxd7 26. Na5 e5 27. Rxe5
Rxh2+ 28. Kg1 Qg4+ 29. Kf1 Qg2+ 30. Ke1 Rh1+ 0-1

[Event "North American-ch U20"]
[Site "Kitchener CAN"]
[Date "2014.08.01"]
[Round "4.19"]
[White "Zhao, Yue Tong (Davy)"]
[Black "Zhu, Harmony"]
[Result "1-0"]
[WhiteElo "1910"]
[BlackElo "1586"]
[PlyCount "53"]
[EventDate "2014.07.31"]
[EventType "swiss"]
[EventRounds "9"]
[EventCountry "CAN"]

1. e4 c6 2. d4 d5 3. f3 dxe4 4. fxe4 Nf6 5. Nc3 Bg4 6. Be2 Bxe2 7. Ngxe2 e6 8.
O-O Be7 9. Kh1 O-O 10. Bf4 Nbd7 11. Qe1 b5 12. Ng3 Nb6 13. Rd1 a5 14. Nce2 Qc8
15. Bg5 c5 16. Bxf6 Bxf6 17. Rxf6 gxf6 18. Nh5 Kh8 19. Qh4 Qd8 20. Nxf6 Kg7 21.
Qg5+ Kh8 22. Qh6 Qxf6 23. Qxf6+ Kg8 24. Rd3 Rfd8 25. Rg3+ Kf8 26. Rg7 Rd7 27.
Rxh7 1-0

[Event "North American-ch U20"]
[Site "Kitchener CAN"]
[Date "2014.08.01"]
[Round "4.20"]
[White "Tan, Kylie"]
[Black "Zhong, Joey"]
[Result "0-1"]
[WhiteElo "1284"]
[BlackElo "1892"]
[PlyCount "142"]
[EventDate "2014.07.31"]
[EventType "swiss"]
[EventRounds "9"]
[EventCountry "CAN"]

1. e4 e6 2. d3 d5 3. Nd2 Nf6 4. Ngf3 Bc5 5. g3 dxe4 6. Nxe4 Nxe4 7. dxe4 Bxf2+
8. Kxf2 Qxd1 9. Bb5+ Qd7 10. Bxd7+ Bxd7 11. Bf4 Na6 12. a3 f6 13. b4 e5 14. Be3
O-O 15. c4 c6 16. Rad1 Bg4 17. h3 Be6 18. c5 Nc7 19. Rd3 Kf7 20. g4 Rad8 21.
Rhd1 Ke7 22. a4 Bb3 23. Rxd8 Rxd8 24. Rxd8 Kxd8 25. a5 Bc2 26. Nd2 Na6 27. Kf3
Bd3 28. Bf2 Nxb4 29. Ke3 Bb5 30. Kf3 Ke7 31. Nb3 Nd3 32. Be3 Ne1+ 33. Kf2 Nc2
34. Kf3 Bf1 35. h4 Bg2+ 36. Kxg2 Nxe3+ 37. Kf3 Nc4 38. Ke2 Na3 39. Kd3 Nb5 40.
Kc4 g6 41. Kd3 Ke6 42. Ke3 Nc7 43. Nd2 Na6 44. Nb3 Nb4 45. Nd2 Nc2+ 46. Ke2
Nd4+ 47. Ke3 f5 48. Nf3 Nxf3 49. Kxf3 fxe4+ 50. Kxe4 h6 51. h5 g5 52. Kd3 Kd5
53. Ke3 e4 54. Ke2 Kxc5 55. Ke3 Kd5 56. Ke2 c5 57. Ke3 c4 58. Ke2 Kd4 59. Kd2
c3+ 60. Ke2 e3 61. Kd1 Kd3 62. a6 bxa6 63. Kc1 e2 64. Kb1 e1=Q+ 65. Ka2 Qe6+
66. Ka1 c2 67. Kb2 Qb6+ 68. Ka2 Qb1+ 69. Ka3 c1=Q+ 70. Ka4 Qc4+ 71. Ka3 Qbb3#
0-1

[Event "North American-ch U20"]
[Site "Kitchener CAN"]
[Date "2014.08.02"]
[Round "5.1"]
[White "Chandra, Akshat"]
[Black "Song, Edward"]
[Result "1/2-1/2"]
[WhiteElo "2442"]
[BlackElo "2258"]
[PlyCount "106"]
[EventDate "2014.07.31"]
[EventType "swiss"]
[EventRounds "9"]
[EventCountry "CAN"]

1. e4 c5 2. Nf3 d6 3. d4 cxd4 4. Nxd4 Nf6 5. Nc3 a6 6. h3 e6 7. g4 d5 8. exd5
Nxd5 9. Bd2 b5 10. Bg2 Bb7 11. Nxd5 Bxd5 12. Bxd5 Qxd5 13. Qf3 Qxf3 14. Nxf3
Nc6 15. O-O-O Bc5 16. Bc3 f6 17. Nd4 Bxd4 18. Bxd4 Nxd4 19. Rxd4 Ke7 20. Rhd1
Rhd8 21. a4 Rxd4 22. Rxd4 Rc8 23. axb5 axb5 24. Kd2 Rc5 25. Rd3 h5 26. Rc3 Rd5+
27. Ke3 hxg4 28. hxg4 g5 29. Rc6 f5 30. gxf5 exf5 31. Rg6 f4+ 32. Kf3 Rc5 33.
c3 b4 34. cxb4 Rb5 35. Rc6 Rxb4 36. Rc2 Kf6 37. Kg4 Rb6 38. f3 Rb5 39. Rc6+ Kf7
40. Rc2 Kf6 41. Rc6+ Kf7 42. Rc4 Rxb2 43. Kxg5 Rb5+ 44. Kxf4 Kf6 45. Rc6+ Kf7
46. Kg4 Ra5 47. f4 Rb5 48. Ra6 Rc5 49. Kf3 Rh5 50. Ke4 Rb5 51. f5 Rb1 52. Ke5
Re1+ 53. Kf4 Rf1+ 1/2-1/2

[Event "North American-ch U20"]
[Site "Kitchener CAN"]
[Date "2014.08.02"]
[Round "5.2"]
[White "Sohal, Tanraj"]
[Black "Sapozhnikov, Roman"]
[Result "1-0"]
[WhiteElo "2186"]
[BlackElo "2299"]
[PlyCount "69"]
[EventDate "2014.07.31"]
[EventType "swiss"]
[EventRounds "9"]
[EventCountry "CAN"]

1. d4 Nf6 2. c4 e6 3. Nf3 b6 4. g3 Ba6 5. Nbd2 c5 6. Bg2 Bb7 7. e4 Nxe4 8. Ne5
Nc3 9. Qh5 g6 10. Qh3 Nc6 11. bxc3 cxd4 12. Nxc6 Bxc6 13. cxd4 Bg7 14. Bb2 Qg5
15. Bc3 Rc8 16. O-O Bxg2 17. Qxg2 d5 18. cxd5 O-O 19. Bb4 Rfd8 20. dxe6 fxe6
21. Nf3 Qd5 22. Be7 Re8 23. Bg5 Rc3 24. Be3 Ra3 25. Nd2 Qxg2+ 26. Kxg2 Rc8 27.
Rfc1 Rxc1 28. Rxc1 Rxa2 29. Rc8+ Kf7 30. Ne4 h6 31. Rc7+ Kf8 32. Nd6 a5 33.
Rf7+ Kg8 34. Rb7 Rb2 35. d5 1-0

[Event "North American-ch U20"]
[Site "Kitchener CAN"]
[Date "2014.08.02"]
[Round "5.4"]
[White "Bora, Safal"]
[Black "Kleinman, Michael"]
[Result "1-0"]
[WhiteElo "2244"]
[BlackElo "2278"]
[PlyCount "57"]
[EventDate "2014.07.31"]
[EventType "swiss"]
[EventRounds "9"]
[EventCountry "CAN"]

1. Nf3 c5 2. g3 Nf6 3. Bg2 g6 4. c4 Bg7 5. Nc3 Nc6 6. d4 cxd4 7. Nxd4 Nxd4 8.
Qxd4 d6 9. O-O O-O 10. Qd3 a6 11. Bg5 Rb8 12. c5 Qa5 13. Bxf6 Bxf6 14. cxd6
exd6 15. Nd5 Bg7 16. b4 Qd8 17. Rac1 Re8 18. Rc7 Bd7 19. Rfc1 Bc6 20. Qc4 Re5
21. Qf4 Qf8 22. Qd2 Qd8 23. Qf4 Qe8 24. e4 Bxd5 25. exd5 Re2 26. Bh3 f5 27.
Rxg7+ Kxg7 28. Rc7+ Kg8 29. Qh4 1-0

[Event "North American-ch U20"]
[Site "Kitchener CAN"]
[Date "2014.08.02"]
[Round "5.5"]
[White "Cao, Jason"]
[Black "Tang, Andrew"]
[Result "0-1"]
[WhiteElo "2177"]
[BlackElo "2258"]
[PlyCount "150"]
[EventDate "2014.07.31"]
[EventType "swiss"]
[EventRounds "9"]
[EventCountry "CAN"]

1. e4 e5 2. Nf3 Nc6 3. Bb5 a6 4. Ba4 Nf6 5. O-O Be7 6. Re1 b5 7. Bb3 d6 8. c3
O-O 9. d4 Bg4 10. d5 Na5 11. Bc2 c6 12. h3 Bc8 13. dxc6 Qc7 14. Nbd2 Qxc6 15.
Nf1 Bb7 16. Ng3 Rfe8 17. Nf5 Bf8 18. Bg5 Nd7 19. N3h4 Re6 20. Qg4 Kh8 21. Rad1
Nf6 22. Qf3 Ng8 23. Bc1 Qe8 24. Ne3 g6 25. Nd5 Rc8 26. g4 Bg7 27. Ng2 Bxd5 28.
Rxd5 Ne7 29. Rdd1 Kg8 30. g5 f6 31. h4 Qf7 32. Ne3 Nc4 33. Nd5 Nxd5 34. Rxd5
Rf8 35. Red1 Qe7 36. Qh3 fxg5 37. hxg5 Qf7 38. Qg3 Qc7 39. Kg2 Rf7 40. Qh3 Re8
41. a4 Qb6 42. Qg3 Ref8 43. Rf1 bxa4 44. Bxa4 Nxb2 45. Be3 Qc7 46. Bb3 Qxc3 47.
Ba2 Nc4 48. Bc1 Qc2 49. Bxc4 Qxe4+ 50. Kg1 Qxc4 51. Rxd6 Rf3 52. Qg2 R8f7 53.
Be3 Bf8 54. Rd8 Qc7 55. Rfd1 Qc4 56. Rc1 Qe4 57. Rcc8 Kg7 58. Bc5 Qe1+ 59. Kh2
Rxf2 60. Bxf8+ Rxf8 61. Rxf8 Rxg2+ 62. Kxg2 Qd2+ 63. Rf2 Qxg5+ 64. Kf1 Qe7 65.
Rfc2 Qf6+ 66. Rf2 Qb6 67. Rfc2 h5 68. R8c6 Qb5+ 69. Kg1 e4 70. Kf2 Qd3 71. R6c3
Qd4+ 72. Re3 Kh6 73. Rce2 Kg5 74. Kg3 h4+ 75. Kh3 Kf4 0-1

[Event "North American-ch U20"]
[Site "Kitchener CAN"]
[Date "2014.08.02"]
[Round "5.9"]
[White "Liao, Simone"]
[Black "Fu, James"]
[Result "1/2-1/2"]
[WhiteElo "2027"]
[BlackElo "2098"]
[PlyCount "120"]
[EventDate "2014.07.31"]
[EventType "swiss"]
[EventRounds "9"]
[EventCountry "CAN"]

1. e4 Nc6 2. f4 e5 3. Nf3 d6 4. Bb5 Bd7 5. O-O Nf6 6. d3 exf4 7. Bxf4 Be7 8. c3
d5 9. Bxc6 Bxc6 10. e5 Nd7 11. a4 Nc5 12. b4 Ne6 13. Be3 O-O 14. Nbd2 d4 15.
Nxd4 Nxd4 16. Bxd4 Bxb4 17. Qg4 Be7 18. Nc4 Bg5 19. e6 Bd5 20. Rf5 Bxe6 21.
Qxg5 f6 22. Qf4 Bxf5 23. Qxf5 Re8 24. Rf1 b6 25. Qg4 Kh8 26. Qg3 c5 27. Bf2 Qd7
28. a5 Re6 29. Rb1 Qa4 30. axb6 axb6 31. h3 Rd8 32. Rxb6 Rxb6 33. Nxb6 Qa1+ 34.
Kh2 Qxc3 35. Nd7 h5 36. Nxc5 Rd5 37. Ne6 Qe5 38. Nf4 h4 39. Qxh4+ Kg8 40. Bg3
Rd7 41. Qg4 Ra7 42. Ng6 Qe8 43. d4 Ra1 44. d5 Qe3 45. Qe6+ Qxe6 46. dxe6 Ra6
47. e7 Kf7 48. h4 Ra8 49. h5 Ra5 50. Bd6 Rxh5+ 51. Kg1 Rd5 52. Bb4 Rd4 53. Bc5
Re4 54. Nf8 Ke8 55. Kf2 Re5 56. Bd6 Re4 57. Kf3 f5 58. Bc5 Re5 59. Bb4 Re4 60.
Bc5 Re5 1/2-1/2

[Event "North American-ch U20"]
[Site "Kitchener CAN"]
[Date "2014.08.02"]
[Round "5.10"]
[White "Nasir, Pi"]
[Black "Itkin, David"]
[Result "0-1"]
[WhiteElo "1854"]
[BlackElo "2096"]
[PlyCount "164"]
[EventDate "2014.07.31"]
[EventType "swiss"]
[EventRounds "9"]
[EventCountry "CAN"]

1. b3 g6 2. Bb2 Nf6 3. g3 Bg7 4. Bg2 O-O 5. Nf3 d6 6. O-O c5 7. d3 Nc6 8. Nbd2
Rb8 9. Re1 b5 10. e4 a5 11. a4 bxa4 12. Rxa4 Bd7 13. Qc1 Ne8 14. Bxg7 Nxg7 15.
Nc4 Ne6 16. Qd2 Rb4 17. Rea1 Rxa4 18. Rxa4 Qb6 19. Ne3 Ra8 20. Nd5 Qd8 21. Ra1
Ned4 22. Nxd4 Nxd4 23. Nc3 Bc6 24. Ne2 Nxe2+ 25. Qxe2 a4 26. bxa4 Rxa4 27. Rxa4
Bxa4 28. Qd2 Qb8 29. Bf3 Qb2 30. Bd1 Bc6 31. Kf1 c4 32. dxc4 Bxe4 33. Qe2 Qb7
34. f3 Bf5 35. Kg2 Be6 36. Qd3 Qb2 37. g4 Qe5 38. Be2 h5 39. c3 Qf4 40. Qd4 Qc1
41. gxh5 Qg5+ 42. Kf2 Qxh5 43. h4 Bd7 44. Ke1 Bc6 45. Qg4 Qxg4 46. fxg4 Kg7 47.
g5 f5 48. gxf6+ Kxf6 49. Kf2 Kf5 50. Ke3 Be8 51. Kd4 Bf7 52. Ke3 e5 53. Kf3 g5
54. Bd3+ Kf6 55. hxg5+ Kxg5 56. Bf1 Kf5 57. Ke3 Bg8 58. Bh3+ Kf6 59. Bf1 Ke6
60. Bh3+ Ke7 61. Kd3 Kd8 62. Bg2 Kc7 63. c5 dxc5 64. c4 Kd6 65. Be4 Be6 66. Bg6
Ke7 67. Be4 Kf6 68. Bc6 Kf5 69. Be4+ Kf4 70. Bd5 Bf5+ 71. Ke2 e4 72. Bf7 Bg4+
73. Kf2 e3+ 74. Ke1 Ke4 75. Bd5+ Kd4 76. Bf7 Bf5 77. Ke2 Bd3+ 78. Kf3 Bxc4 79.
Bxc4 Kxc4 80. Kxe3 Kc3 81. Ke2 Kc2 82. Ke1 c4 0-1

[Event "North American-ch U20"]
[Site "Kitchener CAN"]
[Date "2014.08.02"]
[Round "5.11"]
[White "Li, Yinshi"]
[Black "Cormier, Adam"]
[Result "0-1"]
[WhiteElo "1928"]
[BlackElo "2019"]
[PlyCount "122"]
[EventDate "2014.07.31"]
[EventType "swiss"]
[EventRounds "9"]
[EventCountry "CAN"]

1. d4 d5 2. c4 e6 3. Nc3 c6 4. e3 Nf6 5. Nf3 Nbd7 6. Bd3 dxc4 7. Bxc4 b5 8. Bd3
Bb7 9. O-O a6 10. e4 c5 11. d5 Bd6 12. dxe6 fxe6 13. Bxb5 Bxh2+ 14. Kxh2 axb5
15. Nxb5 Nxe4 16. Nd6+ Nxd6 17. Qxd6 Ra6 18. Qg3 O-O 19. Bg5 Qe8 20. Nd2 Rf5
21. Kg1 Qh5 22. Be3 e5 23. f3 Rg6 24. Qh2 Nf6 25. Qxh5 Rxh5 26. Rad1 h6 27. Kf2
e4 28. Nxe4 Nxe4+ 29. fxe4 Bxe4 30. Ke1 Rxg2 31. Rd2 Rg3 32. Bf4 Rg4 33. Rd7 c4
34. Be3 Bd5 35. Rg1 Rxg1+ 36. Bxg1 Re5+ 37. Kd1 h5 38. b3 Rg5 39. Be3 Rg3 40.
Bf4 Rg4 41. Be5 Rg5 42. Bf4 Rf5 43. Be3 h4 44. bxc4 h3 45. Rd8+ Kf7 46. Rh8 Rf3
47. Bc5 Kg6 48. Rh4 Bxc4 49. a4 Kf5 50. Be7 g5 51. Rh5 Rg3 52. Kc2 Bb3+ 53. Kd2
Bxa4 54. Ke2 Be8 55. Rh8 Bc6 56. Bd6 Rb3 57. Kf2 Kg4 58. Be5 Ra3 59. Kg1 Ra2
60. Rc8 Rg2+ 61. Kf1 Bb5+ 0-1

[Event "North American-ch U20"]
[Site "Kitchener CAN"]
[Date "2014.08.02"]
[Round "5.12"]
[White "Peng, Jackie"]
[Black "Song, Terry"]
[Result "0-1"]
[WhiteElo "2015"]
[BlackElo "1931"]
[PlyCount "52"]
[EventDate "2014.07.31"]
[EventType "swiss"]
[EventRounds "9"]
[EventCountry "CAN"]

1. e4 c5 2. Nf3 d6 3. d4 cxd4 4. Nxd4 Nf6 5. Nc3 a6 6. Be2 e5 7. Nb3 Be7 8. Be3
Be6 9. O-O Nbd7 10. Qd3 Nb6 11. Rad1 Rc8 12. Bxb6 Qxb6 13. Nd5 Nxd5 14. exd5
Bd7 15. c4 f5 16. Kh1 O-O 17. Qc2 Bh4 18. f3 f4 19. Bd3 Rf6 20. c5 dxc5 21.
Bxh7+ Kh8 22. g3 fxg3 23. hxg3 Rh6 24. Kg2 Qf6 25. Be4 Qg5 26. Kf2 Bxg3+ 0-1

[Event "North American-ch U20"]
[Site "Kitchener CAN"]
[Date "2014.08.02"]
[Round "5.13"]
[White "Virkud, Apurva"]
[Black "Zhao, Yue Tong (Davy)"]
[Result "1-0"]
[WhiteElo "1954"]
[BlackElo "1910"]
[PlyCount "57"]
[EventDate "2014.07.31"]
[EventType "swiss"]
[EventRounds "9"]
[EventCountry "CAN"]

1. d4 Nf6 2. c4 g6 3. Nc3 d5 4. e3 Bg7 5. Qb3 O-O 6. Nf3 e6 7. Bd2 b6 8. cxd5
exd5 9. Be2 c5 10. dxc5 bxc5 11. O-O Nc6 12. Rfd1 Rb8 13. Qa4 Qb6 14. Rac1 Be6
15. b3 Rfd8 16. Qa3 Bf8 17. Na4 Qb7 18. Nxc5 Qb6 19. Qb2 Bxc5 20. Qxf6 d4 21.
Bf1 Rd6 22. Qf4 Rbd8 23. Re1 Nb4 24. Qh6 f6 25. exd4 Bxd4 26. Nxd4 Qxd4 27. Bc3
Qb6 28. Bxf6 Qb7 29. Bxd8 1-0

[Event "North American-ch U20"]
[Site "Kitchener CAN"]
[Date "2014.08.02"]
[Round "5.16"]
[White "Zhong, Joey"]
[Black "Chen, Richard"]
[Result "1-0"]
[WhiteElo "1892"]
[BlackElo "1881"]
[PlyCount "59"]
[EventDate "2014.07.31"]
[EventType "swiss"]
[EventRounds "9"]
[EventCountry "CAN"]

1. e4 c5 2. Nf3 Nc6 3. Bb5 Na5 4. c3 a6 5. Ba4 Nf6 6. Bc2 e6 7. d4 cxd4 8. cxd4
Qc7 9. O-O b5 10. Bg5 Bb7 11. Nbd2 Nc4 12. Nxc4 bxc4 13. d5 Be7 14. Re1 d6 15.
Ba4+ Kf8 16. dxe6 fxe6 17. Nd4 Kf7 18. Rc1 Qc5 19. Be3 Qe5 20. Rxc4 Qxe4 21. f3
Qg6 22. Nxe6 Kxe6 23. Bf4+ Kf7 24. Rxe7+ Kg8 25. Rxb7 Rd8 26. Rcc7 d5 27. Bb3
h5 28. Bc2 Qe8 29. Rxg7+ Kf8 30. Bg6 1-0

[Event "North American-ch U20"]
[Site "Kitchener CAN"]
[Date "2014.08.02"]
[Round "5.18"]
[White "Liang, Hairan"]
[Black "Peng, Janet"]
[Result "0-1"]
[WhiteElo "1808"]
[BlackElo "1655"]
[PlyCount "94"]
[EventDate "2014.07.31"]
[EventType "swiss"]
[EventRounds "9"]
[EventCountry "CAN"]

1. e4 e6 2. d4 d5 3. Nc3 Nf6 4. Bg5 Bb4 5. e5 h6 6. Bd2 Nfd7 7. Qg4 Bf8 8. f4
c5 9. Nf3 Nc6 10. dxc5 Nxc5 11. Bb5 a6 12. Bxc6+ bxc6 13. Be3 g6 14. O-O Nd7
15. Nd4 c5 16. f5 Nxe5 17. Qf4 Bd6 18. fxg6 f5 19. g7 Rg8 20. Qxh6 Qd7 21. Qh5+
Qf7 22. Qxf7+ Kxf7 23. Nb3 d4 24. Nxd4 cxd4 25. Bxd4 Rxg7 26. Rfe1 Nf3+ 27. Kf2
Nxd4 28. Rad1 Bc5 29. Kf1 Bb7 30. g3 Bc6 31. a3 Rh8 32. b4 Bb6 33. Rd2 Nf3 34.
Rd6 Nxh2+ 35. Ke2 Bf3+ 36. Kd2 Rd8 37. Rexe6 Rxg3 38. Rf6+ Kg7 39. Kc1 Rxd6 40.
Rxd6 Be3+ 41. Kb2 Bg4 42. Rxa6 f4 43. Nd5 Bd4+ 44. c3 f3 45. cxd4 f2 46. Rf6
Nf3 47. Rxf3 Rxf3 0-1

[Event "North American-ch U20"]
[Site "Kitchener CAN"]
[Date "2014.08.02"]
[Round "5.20"]
[White "Guo, Thomas"]
[Black "Cai, Jason"]
[Result "1/2-1/2"]
[WhiteElo "1736"]
[BlackElo "1850"]
[PlyCount "79"]
[EventDate "2014.07.31"]
[EventType "swiss"]
[EventRounds "9"]
[EventCountry "CAN"]

1. e4 c5 2. Nf3 Nc6 3. d4 cxd4 4. Nxd4 Nf6 5. Nc3 e5 6. Nb3 Bb4 7. Bd3 d5 8.
exd5 Nxd5 9. Bd2 Bxc3 10. bxc3 b6 11. O-O O-O 12. Be4 Bb7 13. Qf3 Nde7 14. Rad1
Qc7 15. Bc1 Kh8 16. Ba3 f5 17. Bxc6 Bxc6 18. Qe2 Rfd8 19. Rxd8+ Rxd8 20. Rd1
Nd5 21. c4 Nf4 22. Rxd8+ Qxd8 23. Qd2 Qxd2 24. Nxd2 Nxg2 25. Bd6 Ne1 26. Bxe5
Nxc2 27. Bb8 a6 28. Bc7 b5 29. cxb5 axb5 30. Bd6 Bd5 31. a3 Kg8 32. f4 Kf7 33.
Kf2 h6 34. h4 Kf6 35. Nf1 Kg6 36. Ne3 Nxe3 37. Kxe3 Kh5 38. Kd4 Be4 39. Be7 Kg4
40. Ke3 1/2-1/2

[Event "North American-ch U20"]
[Site "Kitchener CAN"]
[Date "2014.08.02"]
[Round "5.21"]
[White "Blium, Benjamin"]
[Black "Tan, Kylie"]
[Result "1-0"]
[WhiteElo "1809"]
[BlackElo "1284"]
[PlyCount "49"]
[EventDate "2014.07.31"]
[EventType "swiss"]
[EventRounds "9"]
[EventCountry "CAN"]

1. e4 e5 2. Nf3 Nc6 3. Bc4 Nf6 4. O-O Bc5 5. d4 Bxd4 6. Nxd4 Nxd4 7. f4 Nc6 8.
Bxf7+ Kxf7 9. fxe5 Nxe5 10. Qd5+ Kf8 11. Qxe5 d6 12. Qd4 Qe7 13. Bg5 Kf7 14.
Nc3 c6 15. Rf2 Kg6 16. Bh4 Qe5 17. Qd2 Ng4 18. Rf4 Qc5+ 19. Kh1 Re8 20. Raf1
Ne5 21. Na4 Qb5 22. Nc3 Qc5 23. b4 Qxb4 24. Rg4+ Bxg4 25. Qg5# 1-0

[Event "North American-ch U20"]
[Site "Kitchener CAN"]
[Date "2014.08.02"]
[Round "5.23"]
[White "Zhu, Harmony"]
[Black "Giblon, Rebecca"]
[Result "1-0"]
[WhiteElo "1586"]
[BlackElo "1740"]
[PlyCount "95"]
[EventDate "2014.07.31"]
[EventType "swiss"]
[EventRounds "9"]
[EventCountry "CAN"]

1. d4 d5 2. c4 c6 3. Nf3 e6 4. e3 f5 5. Bd3 Nf6 6. O-O Bd6 7. b3 O-O 8. Ba3
Bxa3 9. Nxa3 Bd7 10. Nc2 Be8 11. b4 Bh5 12. Nce1 Ne4 13. Qc1 Rf6 14. a4 Rh6 15.
b5 Bxf3 16. Nxf3 g5 17. Ne5 g4 18. f3 Qh4 19. fxe4 Qxh2+ 20. Kf2 fxe4 21. Bc2
Rf6+ 22. Ke1 Qg3+ 23. Kd2 Qxg2+ 24. Kc3 Rxf1 25. Qxf1 Qxf1 26. Rxf1 cxb5 27.
cxb5 a6 28. bxa6 Nxa6 29. Nxg4 Rc8+ 30. Kb3 Rc4 31. Ne5 Rc7 32. Rg1+ Kf8 33. a5
Nb8 34. Kb2 Nc6 35. Nxc6 Rxc6 36. Ra1 Ra6 37. Kb3 b6 38. Kb4 bxa5+ 39. Rxa5
Rxa5 40. Kxa5 Ke7 41. Kb6 Kd6 42. Bd1 e5 43. dxe5+ Kxe5 44. Kc5 h6 45. Be2 Ke6
46. Kd4 Kd6 47. Bg4 Kc6 48. Be6 1-0

[Event "North American-ch U20"]
[Site "Kitchener CAN"]
[Date "2014.08.02"]
[Round "6.1"]
[White "Chandra, Akshat"]
[Black "Sohal, Tanraj"]
[Result "1-0"]
[WhiteElo "2442"]
[BlackElo "2186"]
[PlyCount "123"]
[EventDate "2014.07.31"]
[EventType "swiss"]
[EventRounds "9"]
[EventCountry "CAN"]

1. e4 e6 2. d4 d5 3. Nd2 Nc6 4. Ngf3 Nf6 5. e5 Nd7 6. c3 f6 7. Bb5 fxe5 8. dxe5
Bc5 9. Nb3 O-O 10. O-O Bb6 11. Qe2 Qe8 12. Nbd4 Nxd4 13. cxd4 Qh5 14. Be3 c6
15. Ba4 Bd8 16. Rac1 Nb6 17. Bc2 Bd7 18. b3 Be8 19. Bd1 Qf7 20. Ne1 Qe7 21. g3
Nd7 22. h4 Bg6 23. Ng2 h6 24. Nf4 Bf5 25. Bc2 Bxc2 26. Qxc2 Qe8 27. Qe2 Qf7 28.
h5 Re8 29. Nd3 Rf8 30. Kg2 Qf5 31. g4 Qh7 32. Nf4 Re8 33. Ng6 Nf8 34. Qc2 Kf7
35. Nxf8 Qxc2 36. Rxc2 Rxf8 37. f4 Kg8 38. Rcf2 Bh4 39. Rf3 Rf7 40. Kh3 Be7 41.
f5 Bg5 42. Bxg5 hxg5 43. fxe6 Re7 44. Rf7 Rae8 45. R1f5 a5 46. Kg3 b6 47. Kf3
c5 48. Ke3 Rxe6 49. Rd7 c4 50. Rxd5 c3 51. Kd3 Rc6 52. Kc2 Ra8 53. a4 Rf8 54.
Rxf8+ Kxf8 55. Rd6 Rxd6 56. exd6 Ke8 57. Kxc3 Kd7 58. Kc4 Kxd6 59. Kb5 Kd5 60.
Kxb6 Kxd4 61. Kxa5 Ke4 62. b4 1-0